| 000 | 00525nam a2200169Ia 4500 | ||
|---|---|---|---|
| 008 | 090201s9999 xx 000 0 und d | ||
| 010 | _aKPL-71060 | ||
| 040 | _bमराठी | ||
| 041 | _aमराठी | ||
| 082 |
_a49226 _b71060 |
||
| 100 | _aअरुण हरकारे | ||
| 245 |
_aकामिनी _cअरुण हरकारे |
||
| 260 |
_c2006 _bनंदादीप बुक सर्व्हिसेस् |
||
| 300 |
_a208 _bलहान |
||
| 600 | _aकामिनी | ||
| 942 | _cBOOK | ||
| 999 |
_c245809 _d245809 |
||